| 000 | 00633nam a22002057b 4500 | ||
|---|---|---|---|
| 003 | 3228 | ||
| 005 | 20251106125101.0 | ||
| 008 | 251106b sa ||||| |||| 00| 0 eng d | ||
| 020 | _a9781779802583(paperback) | ||
| 040 |
_bEnglish _c3228 _erda |
||
| 041 | _aIsiNdebele | ||
| 082 | 0 | _aNDE KF NAID | |
| 100 |
_9197551 _aNaidoo, Ansu |
||
| 245 |
_aUmgade onguBilly / _cSponono Mahlangu |
||
| 260 |
_aCenturion, Randjes Park : _bQualibooks Publishing, _c2022. |
||
| 300 |
_a8 pages : _bIllustrations, colour ; _c21 cm |
||
| 521 | _aKids | ||
| 700 |
_9197552 _aKiarra Kruger _eIllustrator |
||
| 942 |
_2ddc _cBOOK _hNDE KF NAID _w166 _xThoko Moyakene _y166 _zThoko Moyakene |
||
| 999 |
_c788685 _d788684 |
||